000 00657cam a2200181 i 4500
005 20251210115859.0
008 250721s1992 sy gr 000 0 ara d
082 1 4 _a210.430143
_bم ح م
100 1 _aعمارة، محمود محمد
_eمؤلف.
245 1 0 _aأولادنا :
_bكيف نربي أولادنا في ضوء الإسلام /
_cالأستاذ الدكتور محمود محمد عمارة.
250 _aالطبعة الثانية.
264 3 1 _aالقاهرة :
_bمؤسسة دار الشعب،
_c1992.
300 _a160صفحة.
650 1 7 _aالإسلام.
650 1 7 _aالأطفال.
942 _2ddc
_cBK
999 _c652
_d652